000
00269nam a2200121Ia 4500
008
240624s9999 xx 000 0 und d
041
_a
eng
082
_a
823 WOD
100
_a
WODEHOUSE P G
245
_a
JEEVES OMNIBUS V
260
_a
London
_b
Hutchinson
365
_c
RS
999
_c
21499
_d
21499